书目信息 |
| 题名: |
毛泽东诗词书法赏析
|
|
| 作者: | 良石 , 芦白欣 主编 | |
| 分册: | ||
| 出版信息: | 延吉 延边大学出版社 2004 |
|
| 页数: | 437页 | |
| 开本: | 26cm | |
| 丛书名: | ||
| 单 册: | ||
| 中图分类: | A44 | |
| 科图分类: | ||
| 主题词: | 法书 , 毛主席诗词研究 , 草书 , 毛主席诗词 | |
| 电子资源: | ||
| ISBN: | 7-5634-1937-3 | |
| 000 | 00969nam0 2200301 450 | |
| 001 | 1260406141 | |
| 005 | 20121003164815.04 | |
| 010 | @a7-5634-1937-3@dCNY38.80 | |
| 100 | @a20041220d2004 em y0chiy50 ea | |
| 101 | 0 | @achi |
| 102 | @aCN@b220000 | |
| 105 | @aa z 000gy | |
| 106 | @ar | |
| 200 | 1 | @a毛泽东诗词书法赏析@e珍藏版@f良石,芦白欣主编@Amao ze dong shi ci shu fa shang xi |
| 210 | @a延吉@c延边大学出版社@d2004 | |
| 215 | @a437页@c照片@d26cm | |
| 330 | @a本书收入了从毛泽东创作的第一首童谣到晚年的最后一句吟哦,本书可谓是一部较全面的毛泽东诗词书法作品集。 | |
| 600 | 0 | @a毛泽东@f(1893-1976)@x草书@x法书@x鉴赏 |
| 600 | 0 | @a毛泽东@f(1893-1976) |
| 606 | 0 | @a法书 |
| 606 | 0 | @a毛主席诗词研究 |
| 606 | 0 | @a草书 |
| 606 | 0 | @a毛主席诗词 |
| 690 | @aA44@v4 | |
| 701 | 0 | @a良石@c(文学)@4主编@Aliang shi |
| 701 | 0 | @a芦白欣@4主编@Alu bai xin |
| 801 | 0 | @aCN@b大连网信软件有限公司图书馆·11@c20121003 |
| 905 | @a10447@dA44@eJY12 | |
| 毛泽东诗词书法赏析:珍藏版/良石,芦白欣主编.-延吉:延边大学出版社,2004 |
| 437页:照片;26cm |
| ISBN 7-5634-1937-3:CNY38.80 |
| 本书收入了从毛泽东创作的第一首童谣到晚年的最后一句吟哦,本书可谓是一部较全面的毛泽东诗词书法作品集。 |
| ● |
| 相关链接 |
|
|
|
|
正题名:毛泽东诗词书法赏析
索取号:A44/JY12
 
预约/预借
| 序号 | 登录号 | 条形码 | 馆藏地/架位号 | 状态 | 备注 |
| 1 | 7800362 | 278003624 | 学院路分馆/ [索取号:A44/JY12] | 在馆 | |
| 2 | 7800363 | 278003633 | 学院路分馆/ [索取号:A44/JY12] | 在馆 | |
| 3 | 7800364 | 278003642 | 学院路分馆/ [索取号:A44/JY12] | 在馆 |